000
00227nam a22000857a 4500
008
160912b xxu||||| |||| 00| 0 eng d
100
_9
397
_a
Nath, P
245
_a
Living With Values - 8
260
_a
New Delhi
_b
S.Chand publication
_c
2007
999
_c
3055
_d
3055